<?xml version="1.0" encoding="UTF-8"?>
<collection xmlns="http://www.loc.gov/MARC21/slim">
 <record>
  <leader>01308pam a22002898a 4500</leader>
  <controlfield tag="001">00045836</controlfield>
  <controlfield tag="005">20201006161028.0</controlfield>
  <controlfield tag="008">160128s2015                  ||||||viesd</controlfield>
  <datafield tag="020" ind1="#" ind2="#">
   <subfield code="a">9786048047627</subfield>
   <subfield code="c">96000</subfield>
  </datafield>
  <datafield tag="041" ind1="0" ind2="#">
   <subfield code="a">vie</subfield>
  </datafield>
  <datafield tag="082" ind1="1" ind2="4">
   <subfield code="a">370.959 7</subfield>
   <subfield code="b">S455M</subfield>
  </datafield>
  <datafield tag="245" ind1="1" ind2="0">
   <subfield code="a">Sống minh triết trong nền giáo dục chia sẻ qua sự chiêm nghiệm các biểu đạt: 1-2-3-4-5</subfield>
   <subfield code="c">Đặng Quốc Bảo, Phạm Minh Giản, Nguyễn Hoàng Nam,... [và những người khác]</subfield>
  </datafield>
  <datafield tag="260" ind1="#" ind2="#">
   <subfield code="a">Hà Nội</subfield>
   <subfield code="b">Thông tin và truyền thông</subfield>
   <subfield code="c">2020</subfield>
  </datafield>
  <datafield tag="300" ind1="#" ind2="#">
   <subfield code="a">175 tr</subfield>
   <subfield code="c">21 cm.</subfield>
  </datafield>
  <datafield tag="504" ind1="#" ind2="#">
   <subfield code="a">Thư mục: tr. 173-175</subfield>
  </datafield>
  <datafield tag="653" ind1="#" ind2="#">
   <subfield code="a">Biểu đạt</subfield>
  </datafield>
  <datafield tag="653" ind1="#" ind2="#">
   <subfield code="a">Chia sẻ</subfield>
  </datafield>
  <datafield tag="653" ind1="#" ind2="#">
   <subfield code="a">Việt Nam</subfield>
  </datafield>
  <datafield tag="653" ind1="#" ind2="#">
   <subfield code="a">Sống minh triết</subfield>
  </datafield>
  <datafield tag="653" ind1="#" ind2="#">
   <subfield code="a">Giáo dục</subfield>
  </datafield>
  <datafield tag="700" ind1="1" ind2="#">
   <subfield code="a">Hoàng, Đức Hoàn</subfield>
  </datafield>
  <datafield tag="700" ind1="1" ind2="#">
   <subfield code="a">Nguyễn, Hoàng Nam</subfield>
  </datafield>
  <datafield tag="700" ind1="1" ind2="#">
   <subfield code="a">Phạm, Minh xuân</subfield>
  </datafield>
  <datafield tag="700" ind1="1" ind2="#">
   <subfield code="a">Phạm, Minh Giản</subfield>
  </datafield>
  <datafield tag="852" ind1="#" ind2="#">
   <subfield code="j">KM.0034578</subfield>
   <subfield code="j">KM.0034583</subfield>
   <subfield code="j">KM.0034581</subfield>
   <subfield code="j">KM.0034590</subfield>
   <subfield code="j">KM.0034504</subfield>
   <subfield code="j">KM.0034588</subfield>
   <subfield code="j">KM.0034586</subfield>
   <subfield code="j">KD.0027342</subfield>
   <subfield code="j">KM.0034587</subfield>
   <subfield code="j">KM.0034503</subfield>
   <subfield code="j">KM.0034579</subfield>
   <subfield code="j">KM.0034580</subfield>
   <subfield code="j">KM.0034584</subfield>
   <subfield code="j">KM.0034502</subfield>
   <subfield code="j">KM.0034505</subfield>
   <subfield code="j">KM.0034591</subfield>
   <subfield code="j">KM.0034506</subfield>
   <subfield code="j">KM.0034585</subfield>
   <subfield code="j">KM.0034589</subfield>
   <subfield code="j">KM.0034582</subfield>
  </datafield>
  <datafield tag="910" ind1="#" ind2="#">
   <subfield code="d">06/10/2020</subfield>
  </datafield>
  <datafield tag="980" ind1="#" ind2="#">
   <subfield code="a">Trung tâm Học liệu Lê Vũ Hùng, Trường Đại học Đồng Tháp</subfield>
  </datafield>
 </record>
</collection>
